000 01827nam a2200337 i 4500
003 OSt
005 20260507103804.0
008 260507t20212021nyuab brb 000 j eng
020 _a9780593897997
_cRM 47.95
_qpaperback
040 _aPPAK
_beng
_cPPAK
_erda
082 0 4 _223
_a813.6
090 0 0 _a813.6
_bJAH
_dK
100 1 _aJahn-Clough, Lisa,
_eauthor.
245 1 0 _aTHE KIDS OF CATTYWAMPUS STREET /
_cLISA JAHN-CLOUGH ; Illustrations by Natalie Andrewson
264 1 _aNew York, NY :
_bA Yearling Book,
_c2021
264 4 _c©2021
300 _a114 pages :
_billustrations ;
_c20 cm
336 _atext
_2rdacontent
337 _aunmediated
_2rdamedia
338 _avolume
_2rdacarrier
520 _aIt's a long, twisty road in the middle of Nowheresville, where weird things happen pretty much every day. Here, you can: run around town with Mateo while he chases a silly little monkey. Whoa, watch out -- that monkey likes to throw things! Eat a waffle (or two, or three, or a hundred) with Hans, made by his lovely mommy. Hmmm, that's odd. Hans is looking more and more like a waffle himself... Tremble along with Ursula when she finds herself face to face with -- uh-oh! -- the ghost of the Waddlebee Toy Store. Inside this book, you'll discover eleven funny, scary, exciting, magical just plain wonderful stories about eleven utterly, outrageously unforgettable friends who, in some strange way, may just remind you a little bit of yourself.
521 1 _aAges 7-10
650 1 0 _aChildren
_vConduct of life
_xJuvenile fiction
650 2 0 _aFriendship
_vJuvenile fiction
650 2 0 _aNeighborhoods
_vJuvenile fiction.
655 7 _aChildren's stories.
655 7 _aShort stories.
655 7 _aFantasy fiction.
700 1 _aAndrewson, Natalie,
_eillustrator.
942 _2ddc
_cB
999 _c204122
_d204122